Statistics for Biggest City in each U.S. State by Letter C

Click here to take the quiz!

General Stats

  • This quiz has been taken 780 times
  • The average score is 16 of 24

Answer Stats

StatePopulationCity% Correct
Georgia189,885Columbus
95%
Ohio892,672Columbus
95%
North Carolina731,424Charlotte
94%
Illinois2,695,598Chicago
94%
Colorado416,427Colorado Springs
92%
West Virginia51,400Charleston
91%
Missouri108,500Columbia
90%
South Carolina129,272Columbia
90%
Wyoming59,466Cheyenne
85%
Nevada55,274Carson City
78%
Tennessee167,674Chattanooga
78%
Texas305,215Corpus Christi
76%
Iowa126,326Cedar Rapids
71%
Arizona236,123Chandler
69%
Virginia222,209Chesapeake
69%
Massachusetts105,162Cambridge
62%
California243,916Chula Vista
58%
Florida189,343Cape Coral
56%
Rhode Island80,387Cranston
35%
Indiana79,191Carmel
26%
Oregon54,462Corvallis
26%
Arkansas73,870Conway
19%
New Jersey84,136Clifton
16%
Minnesota61,476Coon Rapids
12%

Score Distribution

Percentile by Number Answered

Percent of People with Each Score

Your Score History

You have not taken this quiz